| 000 | 01311nam a2200349 i 4500 | ||
|---|---|---|---|
| 001 | 198232 | ||
| 003 | ES-MaACL | ||
| 005 | 20260417165556.0 | ||
| 007 | ta | ||
| 008 | 260417s2005 mx ||||| |||| 001 0 spa d | ||
| 020 | _z970-84274-0-7 | ||
| 040 |
_aES-MaACL _bspa _cES-MaACL _erda |
||
| 044 | _amx | ||
| 080 | _a929-054.74(=1:460:720)"1939/75" | ||
| 100 | 1 |
_4aut _aVera Canales, Alfonso _eaut _9242997 |
|
| 245 | 1 | 0 |
_aAl puerto de la esperanza : _bhomenaje a 600 exiliados españoles y al Puerto de Coatzacoalcos, Veracruz, México que los vio arribar el 26 de julio de 1940 / _cAlfonso Vera Canales |
| 264 | 1 |
_a[México D.F.] : _b[A. Vera], _c2005 |
|
| 264 | 3 |
_aMonterrey : _bTalleres de Tecnoimagen, _c2005 |
|
| 300 |
_a331 páginas ; _c22 cm |
||
| 336 |
_2rdacontent _aTexto |
||
| 337 |
_2rdamedia _asin mediación |
||
| 338 |
_2rdacarrier _avolumen |
||
| 500 | _aRegistro provisional | ||
| 500 | _aTítulo tomado de la cubierta | ||
| 500 | _a"Primera impresión, mayo del 2005; reimpresión, julio 2005"--Colofón | ||
| 500 | _aÍndice | ||
| 650 | 4 |
_aExiliados españoles- _zMéxico- _y1939-1975 _9237679 |
|
| 852 |
_aES-MaACL _cDES _jDB-122 _hDonación: Manuel Guedán _xEncuadernación rústica |
||
| 942 |
_cMONOGRAFIA _n0 |
||
| 999 |
_c198232 _d198232 |
||